Bienvenue à la Médiathèque de Saint-Andiol
banniere
Accueil Recherche avancée Mon compte
handi1 Rechercher dans le catalogue

Filtre   Mots-clés
  Recherche avancée
 
Lister les dernières nouveautés
 
Lister les livres GROS CARACTERES
 
Lister les périodiques (magazines)

handi1 ronces du sentier (Les)

<< Retourner aux résultats de la recherche
Book Cover
Auteur principal : Jeanine Berducat
Titre : ronces du sentier (Les)
Support : Livres à gros caractères
Langue : Francais
Publié : 2023 Editions de la Loupe Perpignan
Genre : Roman
Sujets :
Étiquettes :
Pas de tags
LEADER 01212nam0a2200193 450
001 16863925
010 |a 978-2-38299-163-3  |b br.  |d 22,9 € 
100 |a 20241108d2023 u u0frey01 ba 
101 1 |a fre  |c fre 
102 |a FR 
200 0 |a ronces du sentier (Les) 
207 1 |a   
210 |a Perpignan  |c Editions de la Loupe  |d 2023 
215 |a 1 vol. (372 p.)  |c Couv.ill.coul  |d 22 cm 
330 |a Enceinte, Clémence est confrontée à la mort de Mathieu, son mari. Quelques années plus tard, elle rencontre Yvan, qui l'aide à la ferme puis l'épouse. Ensemble, ils ont une petite Pauline. Le rude travail de la terre s'accomplit dans la joie d'une famille pleine de tendresse. Cependant, le monde s'assombrit peu à peu : le Front populaire fait une percée magistrale. Le fascisme sévit en Espagne et Hitler se montre menaçant. Tiraillé entre ses origines russes et françaises, Yvan s'inquiète de l'avenir. Bientôt ses craintes s'avèrent fondées et au village se réfugient famille et amis partis il y a quelques années. 
700 0 |a Berducat  |b Jeanine  |f 1952-....  |4 70 
900 |a Roman 
901 |a Adultes 
995 |a Médiathèque  |c Médiathèque  |f 089020602  |h 089020602  |k R BER LV  |o p  |q a  |r ag  |e MédiathèqueÂ